Statistics for Most-Produced Firearms of All Time

Click here to take the quiz!

General Stats

  • This quiz has been taken 150 times
  • The average score is 11 of 20

Answer Stats

Answer% Correct
AK-47
100%
IMI Uzi
95%
M16/M4/AR-15
95%
M1 Garand
93%
Glock 17 series
92%
Makarov PM
73%
Simonov SKS
69%
Mosin-Nagant
68%
FN FAL/L1A1
62%
Lee-Enfield
62%
Heckler & Koch G3
53%
M1/M2/M3 Carbine
52%
Remington 870
37%
Mossberg 500
32%
Gewehr 98
29%
Winchester Model 1894
14%
Type 63
11%
Marlin Model 60
8%
Arisaka Type 30/38/99
6%
Musket Model 1777
1%

Score Distribution

Percentile by Number Answered

Percent of People with Each Score

Your Score History

You have not taken this quiz